FIFA Futsal World Cup Winners - Statistics

General Stats
  • This quiz has been taken 168 times
    123 since last reset
  • The average score is 8 of 9
Answer Stats
Year Host Winner % Correct
2012 Thailand Brazil
98%
2008 Brazil Brazil
98%
1996 Spain Brazil
98%
1992 Hong Kong Brazil
98%
1989 Netherlands Brazil
98%
2021 Lithuania Portugal
92%
2016 Colombia Argentina
90%
2004 Taiwan Spain
87%
2000 Guatemala Spain
87%
No matching quizzes found
Score Distribution
Percent of People with Each Score
Percentile by Number Answered
Your Score History
You have not taken this quiz since the last reset